000 00202 a2200097 4500
001 2972
100 _aGittwitt P
245 _aConceptual physics
260 _a
_bHarper collins
_c
090 _c2262
_d2262
942 _aNUST-CAE
_cM
_c14025
999 _c238045
_d238045